Statistics for N Vocabulary Words Quiz #1

Click here to take the quiz!

General Stats

  • This quiz has been taken 31,793 times
  • The average score is 15 of 22

Answer Stats

DefinitionWord% Correct
Proton's counterpartNeutron
95%
The addictive chemical in tobaccoNicotine
92%
Hangman's ropeNoose
91%
Belly buttonNavel
86%
Weapon of two sticks connected by a chainNunchaku
80%
Bittersweet yearning for past timesNostalgia
77%
Wanderer without a permanent homeNomad
77%
State of enlightenment and blissNirvana
75%
Type of Indian flatbreadNaan
74%
Back of the neckNape
74%
Inert gaseous elementNeon
70%
Quick; agileNimble
67%
Cloud of gas and dust in outer spaceNebula
66%
Short novelNovella
65%
Flammable gel used in warfareNapalm
64%
The wedding ceremonyNuptials
63%
AristocratNoble
62%
Person licensed to witness the
signing of documents, etc...
Notary
60%
Sheer women's stockingNylon
55%
The lowest point. Opposite of zenithNadir
40%
Belief in nothingNihilism
38%
Newly-created word or phraseNeologism
19%

Score Distribution

Percentile by Number Answered

Percent of People with Each Score

Your Score History

You have not taken this quiz